Normal view MARC view
  • Actividades estudiantiles

Entry Materia

Number of records used in: 19

001 - NÚMERO DE CONTROL DEL REGISTRO

  • campo de control: 10955

003 - IDENTIFICADOR DE NUMERO DE CONTROL

  • campo de control: MX-MxUPN

005 - FECHA Y HORA DE LA ÚLTIMA TRANSACCIÓN

  • campo de control: 20231201111525.0

008 - DATOS DE LONGITUD FIJA

  • campo de control de longitud fija: 231201n||acnnnbabn a ana |d

035 ## - NÚMERO DE CONTROL DEL SISTEMA

  • Número de control del sistema: UPN10000010962

040 ## - FUENTE DE LA CATALOGACIÓN

  • Centro catalogador de origen: MX-MxUPN
  • Lengua de catalogación: spa
  • Agencia de transcripción: MX-MxUPN

150 ## - ENCABEZAMIENTO - TEMÁTICO

  • Término de materia o nombre geográfico como elemento inicial: Actividades estudiantiles

450 ## - VÉASE - MATERIA

  • Encabezamiento temático: Estudiantes
  • Subdivisión temática general: Actividades

450 ## - VÉASE - MATERIA

  • Encabezamiento temático: Actividades estudiantiles extraescolares

450 ## - VÉASE - MATERIA

  • Encabezamiento temático: Estudiantes
  • Subdivisión temática general: Actividades extraescolares

670 ## - FUENTE EN LA QUE SE LOCALIZARON DATOS

  • Cita de la fuente: LEMB, 1998:
  • Información localizada: página 13 (Actividades estudiantiles)

902 ## - CATALOGADOR

  • Catalogador: MMA/120297
  • Catalogador: Víctor Ruiz/011223